Power of the fire dragon / (Record no. 223540)
[ view plain ]
| 000 -LEADER | |
|---|---|
| fixed length control field | 01924cam a2200469 i 4500 |
| 001 - CONTROL NUMBER | |
| control field | BK0016292045 |
| 003 - CONTROL NUMBER IDENTIFIER | |
| control field | DLC |
| 005 - DATE AND TIME OF LATEST TRANSACTION | |
| control field | 20240701084601.0 |
| 008 - FIXED-LENGTH DATA ELEMENTS--GENERAL INFORMATION | |
| fixed length control field | 141021s2015 nyua b 000 1 eng d |
| 010 ## - LIBRARY OF CONGRESS CONTROL NUMBER | |
| LC control number | 2014033958 |
| 020 ## - INTERNATIONAL STANDARD BOOK NUMBER | |
| International Standard Book Number | 9780606370400 |
| 020 ## - INTERNATIONAL STANDARD BOOK NUMBER | |
| International Standard Book Number | 9780545646314 : pbk |
| Terms of availability | $5.99 |
| 037 ## - SOURCE OF ACQUISITION | |
| Source of stock number/acquisition | Scholastic Paperbacks, Po Box 7502, Jefferson City, MO, USA, 65102 |
| Note | SAN 860-0023 |
| 040 ## - CATALOGING SOURCE | |
| Original cataloging agency | NJQ/DLC |
| Language of cataloging | eng |
| Transcribing agency | NJQ |
| Description conventions | rda |
| Modifying agency | DLC |
| 050 00 - LIBRARY OF CONGRESS CALL NUMBER | |
| Classification number | PZ7.W51937 |
| Item number | Pntp 2015 |
| 082 04 - DEWEY DECIMAL CLASSIFICATION NUMBER | |
| Classification number | 813.54 |
| 082 04 - DEWEY DECIMAL CLASSIFICATION NUMBER | |
| Classification number | Fic |
| Edition number | 23 |
| 092 ## - LOCALLY ASSIGNED DEWEY CALL NUMBER (OCLC) | |
| Classification number | 813.5400 |
| 100 1# - MAIN ENTRY--PERSONAL NAME | |
| Personal name | West, Tracey, |
| Dates associated with a name | 1965- |
| Relator term | author. |
| 9 (RLIN) | 39112 |
| 245 10 - TITLE STATEMENT | |
| Title | Power of the fire dragon / |
| Statement of responsibility, etc | by Tracey West ; illustrated by Graham Howells. |
| 250 ## - EDITION STATEMENT | |
| Edition statement | First edition. |
| 264 #1 - Production, Publication, Distribution, Manufacture, and Copyright Notice. | |
| Place of production, publication, distribution, manufacture | New York, NY : |
| Name of producer, publisher, distributor, manufacturer | Branches/Scholastic Inc., |
| Date of production, publication, distribution, manufacture, or copyr | 2015. |
| 300 ## - PHYSICAL DESCRIPTION | |
| Extent | 88 pages : |
| Other physical details | illustrations ; |
| Dimensions | 20 cm. |
| 336 ## - Content Type | |
| Content type term | text |
| 337 ## - Media type | |
| Media type term | unmediated |
| 338 ## - Carrier type | |
| Carrier type term | volume |
| 490 1# - SERIES STATEMENT | |
| Series statement | Dragon masters ; |
| Volume number/sequential designation | 4 |
| 520 ## - SUMMARY, ETC. | |
| Summary, etc | When the king decides to take the dragons to Arkwood to visit Queen Rose, Rori, Drake, and their dragons are left behind--so when the evil wizard Maldred attacks the castle riding a giant four-headed dragon that spits poison, the two young dragon mastersand their dragons are forced to defend the castle by themselves. |
| 521 2# - TARGET AUDIENCE NOTE | |
| Target audience note | Appeals to 1st-3rd graders. |
| 521 0# - TARGET AUDIENCE NOTE | |
| Target audience note | Reading level 2 |
| 650 #0 - SUBJECT ADDED ENTRY--TOPICAL TERM | |
| Topical term or geographic name as entry element | Dragons |
| Form subdivision | Juvenile fiction. |
| 9 (RLIN) | 5673921 |
| 650 #0 - SUBJECT ADDED ENTRY--TOPICAL TERM | |
| Topical term or geographic name as entry element | Wizards |
| Form subdivision | Juvenile fiction. |
| 9 (RLIN) | 6366002 |
| 650 #0 - SUBJECT ADDED ENTRY--TOPICAL TERM | |
| Topical term or geographic name as entry element | Magic |
| Form subdivision | Juvenile fiction. |
| 9 (RLIN) | 5673690 |
| 650 #0 - SUBJECT ADDED ENTRY--TOPICAL TERM | |
| Topical term or geographic name as entry element | Adventure stories. |
| 9 (RLIN) | 6366003 |
| 650 #1 - SUBJECT ADDED ENTRY--TOPICAL TERM | |
| Topical term or geographic name as entry element | Dragons |
| Form subdivision | Fiction. |
| 9 (RLIN) | 5673926 |
| 650 #1 - SUBJECT ADDED ENTRY--TOPICAL TERM | |
| Topical term or geographic name as entry element | Wizards |
| Form subdivision | Fiction. |
| 9 (RLIN) | 5673726 |
| 650 #1 - SUBJECT ADDED ENTRY--TOPICAL TERM | |
| Topical term or geographic name as entry element | Magic |
| Form subdivision | Fiction. |
| 9 (RLIN) | 5673694 |
| 650 #1 - SUBJECT ADDED ENTRY--TOPICAL TERM | |
| Topical term or geographic name as entry element | Adventure and adventurers |
| Form subdivision | Fiction. |
| 9 (RLIN) | 102533 |
| 700 1# - ADDED ENTRY--PERSONAL NAME | |
| Personal name | Howells, Graham, |
| Relator term | illustrator. |
| 9 (RLIN) | 6366004 |
| 800 1# - SERIES ADDED ENTRY--PERSONAL NAME | |
| Personal name | West, Tracey, |
| Dates associated with a name | 1965- |
| Title of a work | Dragon Masters ; |
| Volume/sequential designation | 4. |
| 9 (RLIN) | 6366005 |
| 942 ## - ADDED ENTRY ELEMENTS (KOHA) | |
| Source of classification or shelving scheme | Dewey Decimal Classification |
| Koha item type | BOOK |
| Withdrawn status | Lost status | Source of classification or shelving scheme | Damaged status | Not for loan | Collection code | Home library | Current library | Shelving location | Date acquired | Source of acquisition | Cost, normal purchase price | Total Checkouts | Total Renewals | Full call number | Barcode | Date last seen | Date checked out | Cost, replacement price | Price effective from | Koha item type | Serial Enumeration / chronology | Checked out |
|---|---|---|---|---|---|---|---|---|---|---|---|---|---|---|---|---|---|---|---|---|---|---|
| Dewey Decimal Classification | Junior Fiction | Wasatch County Library | Wasatch County Library | Main Floor Junior Area | 09/15/2017 | 14.99 | 56 | 30 | J West | 34301001717174 | 03/10/2026 | 02/18/2026 | 14.99 | 03/20/2020 | BOOK | |||||||
| Dewey Decimal Classification | Junior Fiction | Wasatch County Library | Wasatch County Library | Main Floor Junior Area | 01/14/2021 | Rainbow Books | 30 | 22 | J West | 34301001666124 | 02/05/2026 | 02/05/2026 | 13.95 | 01/14/2021 | BOOK | #4 | 04/06/2026 |
